003020000a2200073000450024500940000004100130009410000190010777301020012610aNew species of frog from northeastern Colombia (genus Eleutherodactylus: Leptodactylidae)0 aInglés1 aLynch, John D.1 tRevista de Academia Colombiana de Ciencias Exactas, Físicas y Naturalesh103q287-289d2003g27